| 000 | 00540pab a2200193 454500 | ||
|---|---|---|---|
| 008 | 180718b2010 xxu||||| |||| 00| 0 eng d | ||
| 100 | _aDi, Wenhua | ||
| 245 | _aAn analysis of the neighborhood impacts of a mortgage assistance program: A spatial hedonic model | ||
| 260 | _c2010 | ||
| 300 | _ap.682-725. | ||
| 362 | _aFall | ||
| 650 | _aHousing - United States | ||
| 650 | _aHousing | ||
| 700 | _aMurdoch, James C. | ||
| 700 | _aMa, Jielai | ||
| 773 | _aJournal of Policy Analysis and Management | ||
| 908 | _aN | ||
| 909 | _a89237 | ||
| 999 |
_c89237 _d89237 |
||